000 01147cam a22002771i 4500
003 SA_RiAUC
005 20250615052620.0
008 250610s2011____su g 000 0 ara c
020 _a9786030066988
040 _aSA-JeALM
_bara
_cSA-RiAUC
_erda
082 0 _a219.7
090 _a219.7
_bم ق ا
100 1 _aمقادمي، فيصل عبدالله.
_eمؤلف.
245 1 2 _aالتعليم والتعلم في الإسلام :
_bإضاءات للمعلمين وطلاب العلم /
_cإعداد فيصل عبدالله مقادمي ؛ نقديم بكر إبراهيم بصفر.
250 _aالطبعة الأولى.
264 1 _aمكة المكرمة :
_bمكتبة إحياء التراث الإسلامي،
_c2011
300 _a40 صفحة ؛
_c17 سم
336 _aنص
_btxt
_2rdacontent
_3كتاب
337 _aبدون وسيط
_bn
_2rdamedia
338 _aمجلد
_bnc
_2rdacarrier
650 7 _aالإسلام والتعليم
_2aucsh
650 7 _aالإسلام والتعلم
_2aucsh
700 _aبصفر، بكر بن إبراهيم.
_eمقدم.
942 _2ddc
_cBOOK
_n0
949 _aSA-JeALM
_d250610
_umohamedma123
_n1
999 _c8942
_d8942